[Event "Pozarevac Rudar GM3 11"]
[Site "Pozarevac"]
[Date "2023.11.24"]
[Round "9"]
[White "Spasov, Vasil"]
[Black "Zemlyanskii, Ivan"]
[Result "0-1"]
[WhiteElo "2481"]
[BlackElo "2368"]
[PlyCount "69"]
[EventDate "2023.11.17"]
[EventType "tourn"]
[EventRounds "9"]
[EventCountry "SRB"]
[EventCategory "7"]
[SourceTitle "CB49_2023"]
[SourceDate "2023.12.06"]
[SourceVersion "1"]
[SourceVersionDate "2023.12.06"]
[SourceQuality "1"]

1. e4 c5 2. Nf3 d6 3. d4 cxd4 4. Qxd4 Nf6 5. Bb5+ Bd7 6. c4 g6 7. Nc3 Bg7 8. 0-0 0-0 9. Qd3 Bxb5 10. cxb5 a6 11. Be3 Nbd7 12. Rfd1 Qa5 13. bxa6 Rxa6 14. h3 Rc8 15. Nd2 Qb4 16. Qc2 Rac6 17. a3 Qa5 18. Nb3 Qa6 19. Nd4 Rc4 20. Qe2 Nxe4 21. Nd5 Kf8 22. Nxe7 Re8 23. Ndf5 gxf5 24. Nxf5 Re6 25. Nxg7 Kxg7 26. b3 Rc8 27. Qg4+ Kf8 28. Rac1 Rc6 29. Qh4 Ndf6 30. Bd4 Qe2 31. f3 Rc2 32. Qh6+ Kg8 33. Rxc2 Qxd1+ 34. Kh2 Qxc2 35. fxe4 0-1

[Event "Pozarevac Rudar GM3 11"]
[Site "Pozarevac"]
[Date "2023.11.21"]
[Round "6"]
[White "Boyer, Mahel"]
[Black "Spasov, Vasil"]
[Result "1-0"]
[WhiteElo "2463"]
[BlackElo "2481"]
[PlyCount "75"]
[EventDate "2023.11.17"]
[EventType "tourn"]
[EventRounds "9"]
[EventCountry "SRB"]
[EventCategory "7"]
[SourceTitle "CB49_2023"]
[SourceDate "2023.12.06"]
[SourceVersion "1"]
[SourceVersionDate "2023.12.06"]
[SourceQuality "1"]

1. d4 d6 2. Nf3 Nf6 3. c4 g6 4. Nc3 Bf5 5. Qb3 b6 6. h3 Bg7 7. g4 Bd7 8. e4 0-0 9. Be3 Nc6 10. Qd1 a6 11. d5 Ne5 12. Nxe5 dxe5 13. Be2 b5 14. g5 Nh5 15. Bxh5 gxh5 16. c5 c6 17. Qxh5 b4 18. Ne2 cxd5 19. exd5 Bf5 20. Qf3 Bg6 21. Ng3 e4 22. Nxe4 f5 23. gxf6 Qxd5 24. Rd1 Qxa2 25. Rg1 exf6 26. Nd6 Ra7 27. h4 Qxb2 28. h5 Bc2 29. h6 Bxd1 30. Qxd1 b3 31. Nf5 Qc3+ 32. Ke2 Qc4+ 33. Qd3 Qxd3+ 34. Kxd3 Rd8+ 35. Kc4 b2 36. hxg7 Kf7 37. Nh6+ Ke6 38. g8Q+ 1-0

[Event "Pozarevac Rudar GM2 11"]
[Site "Pozarevac"]
[Date "2023.11.10"]
[Round "2.2"]
[White "Zemlyanskii, Ivan"]
[Black "Spasov, Vasil"]
[Result "1-0"]
[WhiteElo "2368"]
[BlackElo "2481"]
[PlyCount "141"]
[EventDate "2023.11.09"]
[EventType "schev"]
[EventRounds "9"]
[EventCountry "SRB"]
[SourceTitle "CB47_2023"]
[SourceDate "2023.11.22"]
[SourceVersion "1"]
[SourceVersionDate "2023.11.22"]
[SourceQuality "1"]
[WhiteTeam "Team C"]
[BlackTeam "Team A"]
[WhiteTeamCountry "SRB"]
[BlackTeamCountry "SRB"]

1. e4 d6 2. d4 Nf6 3. Nc3 e5 4. Nf3 Nbd7 5. Rg1 g6 6. g4 Bg7 7. g5 Nh5 8. Be3 0-0 9. Qd2 Nb6 10. 0-0-0 Qe7 11. dxe5 dxe5 12. Bxb6 axb6 13. Nd5 Qd7 14. a3 Qa4 15. Nxc7 Ra5 16. Qb4 Qxb4 17. axb4 Ra1+ 18. Kd2 Rd8+ 19. Nd5 Rxd1+ 20. Kxd1 Nf4 21. Bc4 b5 22. Bb3 Be6 23. Nd2 Ra8 24. Nf3 Rd8 25. Ke1 Bxd5 26. Bxd5 Nxd5 27. exd5 e4 28. Nd2 Bxb2 29. Nxe4 Rxd5 30. f3 Kg7 31. c3 Bc1 32. Ke2 Bf4 33. h4 h6 34. Rg4 Rf5 35. Rg1 Rd5 36. Rg4 Rf5 37. Rg2 Re5 38. Kf2 Rf5 39. Rg1 Re5 40. gxh6+ Kxh6 41. Rd1 f5 42. Ng3 Re7 43. Rd5 Be5 44. Rc5 Bf6 45. h5 f4 46. Ne4 Bh4+ 47. Kg2 g5 48. Nf6 Re6 49. Rf5 Be1 50. Ne4 Bh4 51. Rxb5 b6 52. Kh3 Kxh5 53. Rd5 Re7 54. c4 Re6 55. b5 Re7 56. Nf6+ Kg6 57. Rd6 Re1 58. Rxb6 Rg1 59. Ng4+ Kg7 60. Ne5 Bf2 61. Rd6 Rg3+ 62. Kh2 Bg1+ 63. Kh1 Bc5 64. Rd5 Be3 65. c5 g4 66. Nxg4 Rxf3 67. Kh2 Rf1 68. Rg5+ Kh7 69. Kg2 Rc1 70. Nxe3 fxe3 71. Kf3 1-0

[Event "Pozarevac Rudar GM 11"]
[Site "Pozarevac"]
[Date "2023.11.07"]
[Round "8.3"]
[White "Spasic, Petar"]
[Black "Spasov, Vasil"]
[Result "1/2-1/2"]
[WhiteElo "2328"]
[BlackElo "2480"]
[PlyCount "43"]
[EventDate "2023.10.31"]
[EventType "tourn"]
[EventRounds "9"]
[EventCountry "SRB"]
[EventCategory "7"]
[SourceTitle "CB46_2023"]
[SourceDate "2023.11.15"]
[SourceVersion "1"]
[SourceVersionDate "2023.11.15"]
[SourceQuality "1"]

1. c4 c5 2. Nc3 Nc6 3. g3 g6 4. Bg2 Bg7 5. e3 e6 6. Nge2 Nge7 7. 0-0 0-0 8. d4 cxd4 9. Nxd4 Nxd4 10. exd4 d5 11. cxd5 Nxd5 12. Nxd5 exd5 13. Be3 Be6 14. Qd2 Rc8 15. Rac1 Qd7 16. Rfe1 b6 17. h4 h5 18. a3 Qa4 19. Bf3 a5 20. Kh2 Qb3 21. Bd1 Qb5 22. Be2 1/2-1/2

[Event "Pozarevac Rudar GM 11"]
[Site "Pozarevac"]
[Date "2023.11.06"]
[Round "7.4"]
[White "Spasov, Vasil"]
[Black "Bazakutsa, Svyatoslav"]
[Result "1-0"]
[WhiteElo "2480"]
[BlackElo "2457"]
[PlyCount "77"]
[EventDate "2023.10.31"]
[EventType "tourn"]
[EventRounds "9"]
[EventCountry "SRB"]
[EventCategory "7"]
[SourceTitle "CB46_2023"]
[SourceDate "2023.11.15"]
[SourceVersion "1"]
[SourceVersionDate "2023.11.15"]
[SourceQuality "1"]

1. e4 c6 2. d4 d5 3. Nd2 dxe4 4. Nxe4 Nf6 5. Nxf6+ exf6 6. c3 Bd6 7. Bd3 0-0 8. Ne2 Re8 9. 0-0 Nd7 10. Ng3 Nf8 11. a4 a5 12. f4 Ng6 13. f5 Ne7 14. Nh5 Nd5 15. Bc4 Ne3 16. Bxe3 Rxe3 17. Qg4 g6 18. Rae1 Bxf5 19. Qh4 Rxe1 20. Qxe1 Kh8 21. g4 Bc7 22. gxf5 gxh5 23. Bxf7 Qf8 24. Be6 Re8 25. Kh1 Re7 26. Qe3 Rg7 27. Qh6 Bxh2 28. Qxh5 Bg3 29. Qh3 Rg5 30. Rg1 Qg7 31. Rg2 h6 32. Bc4 Kh7 33. Kg1 Qc7 34. Kh1 Qf4 35. Bf7 Qe4 36. Kg1 Qe3+ 37. Kh1 Qf4 38. Rg1 Qe4+ 39. Rg2 1-0

[Event "Plovdiv Tringov Memorial 45th"]
[Site "Plovdiv"]
[Date "2023.08.08"]
[Round "4"]
[White "Ninov, Dayan"]
[Black "Spasov, Vasil"]
[Result "1/2-1/2"]
[WhiteElo "2230"]
[BlackElo "2485"]
[PlyCount "29"]
[EventDate "2023.08.06"]
[EventType "swiss"]
[EventRounds "9"]
[EventCountry "BUL"]
[SourceTitle "EXT 2024"]
[Source "ChessBase"]
[SourceDate "2023.10.10"]
[SourceVersion "1"]
[SourceVersionDate "2023.10.10"]
[SourceQuality "1"]

1. d4 d6 2. e4 Nf6 3. Nc3 e5 4. Nf3 Nbd7 5. Bc4 Be7 6. 0-0 0-0 7. a4 c6 8. Re1 h6 9. h3 Re8 10. Ba2 exd4 11. Nxd4 Bf8 12. Bf4 Nc5 13. e5 dxe5 14. Rxe5 Bd7 15. Qf3 1/2-1/2

[Event "Plovdiv Tringov Memorial 45th"]
[Site "Plovdiv"]
[Date "2023.08.08"]
[Round "3"]
[White "Spasov, Vasil"]
[Black "Trendafilov, Simeon"]
[Result "1-0"]
[WhiteElo "2485"]
[BlackElo "1883"]
[PlyCount "63"]
[EventDate "2023.08.06"]
[EventType "swiss"]
[EventRounds "9"]
[EventCountry "BUL"]
[SourceTitle "EXT 2024"]
[Source "ChessBase"]
[SourceDate "2023.10.10"]
[SourceVersion "1"]
[SourceVersionDate "2023.10.10"]
[SourceQuality "1"]

1. e4 c5 2. Ne2 Nc6 3. d4 cxd4 4. Nxd4 Nf6 5. Nc3 d6 6. Be2 e5 7. Nf3 h6 8. 0-0 Be7 9. Re1 0-0 10. h3 Be6 11. Bf1 Qa5 12. Bd2 Qd8 13. Bc1 Qa5 14. a3 Rfc8 15. Qd3 Nb8 16. Bd2 Bc4 17. Qe3 Bxf1 18. Rxf1 Nbd7 19. Nh4 Bf8 20. Nf5 Kh7 21. Rfd1 Qb6 22. Qf3 Qc6 23. Ne3 Nc5 24. b4 Ncd7 25. Ncd5 b5 26. a4 a6 27. Ra3 Qb7 28. Rda1 Nxd5 29. Nxd5 Rxc2 30. Qxf7 Kh8 31. Nf6 gxf6 32. Rg3 1-0

[Event "Plovdiv Tringov Memorial 45th"]
[Site "Plovdiv"]
[Date "2023.08.07"]
[Round "2"]
[White "Basova, Polina"]
[Black "Spasov, Vasil"]
[Result "0-1"]
[WhiteElo "1764"]
[BlackElo "2485"]
[PlyCount "116"]
[EventDate "2023.08.06"]
[EventType "swiss"]
[EventRounds "9"]
[EventCountry "BUL"]
[SourceTitle "EXT 2024"]
[Source "ChessBase"]
[SourceDate "2023.10.10"]
[SourceVersion "1"]
[SourceVersionDate "2023.10.10"]
[SourceQuality "1"]

1. e4 d5 2. exd5 Qxd5 3. Nf3 Bg4 4. Be2 Nc6 5. d4 0-0-0 6. Be3 e5 7. c3 f5 8. Qa4 f4 9. dxe5 Nxe5 10. Qxf4 Nxf3+ 11. gxf3 Nf6 12. Nd2 Bd6 13. Qa4 Bc5 14. 0-0-0 Bd7 15. Qc4 Bb6 16. Bxb6 axb6 17. Ne4 Qxc4 18. Bxc4 Rhf8 19. Rhg1 g6 20. Ng5 Rde8 21. Rge1 b5 22. Bb3 c6 23. Ne6 Bxe6 24. Bxe6+ Kc7 25. Re3 Re7 26. Bh3 Rg7 27. Red3 Nd5 28. Be6 Nb6 29. Re3 Re7 30. Rde1 Rf4 31. b3 Rh4 32. h3 Nd7 33. Bg4 Rxe3 34. fxe3 Ne5 35. Rg1 h5 36. Be6 Kd6 37. Bc8 Kc7 38. Be6 Nxf3 39. Rxg6 Re4 40. Rg7+ Kd6 41. Bf5 Rxe3 42. Rxb7 Rxc3+ 43. Kb2 Re3 44. Rh7 Re2+ 45. Kb1 Kc5 46. Rxh5 Kb4 47. Bg4 Re3 48. Bxf3 Rxf3 49. h4 Rf1+ 50. Kb2 Rf2+ 51. Kb1 Rh2 52. Rh6 c5 53. Rb6 Kc3 54. a4 b4 55. Rc6 Kxb3 56. Rxc5 Rh1+ 57. Rc1 Rxc1+ 58. Kxc1 Ka2 0-1

[Event "Shumen Stojan Ivanov Memorial"]
[Site "Shumen"]
[Date "2023.07.29"]
[Round "6"]
[White "Nenkov, Ljudmil"]
[Black "Spasov, Vasil"]
[Result "0-1"]
[WhiteElo "2183"]
[BlackElo "2472"]
[PlyCount "108"]
[EventDate "2023.07.28"]
[EventType "swiss (rapid)"]
[EventRounds "11"]
[EventCountry "BUL"]
[SourceTitle "CBM 215 Extra"]
[Source "ChessBase"]
[SourceDate "2023.09.30"]
[SourceVersion "1"]
[SourceVersionDate "2023.09.30"]
[SourceQuality "1"]

1. Nf3 g6 2. g3 Bg7 3. Bg2 c5 4. c4 Nc6 5. Nc3 d6 6. b3 Bxc3 7. dxc3 Bf5 8. Nh4 Be6 9. e4 Qd7 10. h3 0-0-0 11. Qd3 f5 12. exf5 gxf5 13. Bg5 h6 14. Be3 Ne5 15. Qe2 Nf6 16. 0-0-0 Ne4 17. Kb2 Qc7 18. Bf4 Rhf8 19. Rhe1 Rf6 20. f3 Ng5 21. Bc1 Nc6 22. f4 Nf7 23. Qh5 Rg8 24. Rxe6 Rxe6 25. Qxf7 Re2+ 26. Rd2 Rxd2+ 27. Bxd2 Rxg3 28. Qxf5+ Qd7 29. Qe4 Kc7 30. Nf5 Rg6 31. Ne3 Rg3 32. Be1 Rg8 33. f5 Kb8 34. Qf4 Ne5 35. Be4 h5 36. Bg3 Ka8 37. Qf2 Nc6 38. Kc2 a6 39. Qf3 Ka7 40. Nd5 Qe8 41. Bf2 Rf8 42. Nc7 Qd7 43. Ne6 Rg8 44. b4 Ne5 45. bxc5 Qa4+ 46. Kd2 Nxf3+ 47. Bxf3 Qxa2+ 48. Ke3 dxc5 49. Bd5 Rc8 50. Kf3 b6 51. Bg3 a5 52. Nc7 Rxc7 53. Bxc7 Qc2 54. Be5 a4 0-1

[Event "Shumen Stojan Ivanov Memorial"]
[Site "Shumen"]
[Date "2023.07.29"]
[Round "5"]
[White "Spasov, Vasil"]
[Black "Drenchev, Petar"]
[Result "1/2-1/2"]
[WhiteElo "2472"]
[BlackElo "2345"]
[PlyCount "34"]
[EventDate "2023.07.28"]
[EventType "swiss (rapid)"]
[EventRounds "11"]
[EventCountry "BUL"]
[SourceTitle "CBM 215 Extra"]
[Source "ChessBase"]
[SourceDate "2023.09.30"]
[SourceVersion "1"]
[SourceVersionDate "2023.09.30"]
[SourceQuality "1"]

1. e4 e5 2. Nf3 Nf6 3. Nxe5 d6 4. Nf3 Nxe4 5. Qe2 Qe7 6. d3 Nf6 7. Bg5 Nbd7 8. Nc3 h6 9. Bd2 c6 10. 0-0-0 Qxe2 11. Bxe2 Nb6 12. Rde1 Bd7 13. Bd1+ Kd8 14. Ne4 Nxe4 15. dxe4 Kc7 16. b3 Re8 17. a4 Bg4 1/2-1/2

[Event "Arandjelovac op 1st"]
[Site "Arandjelovac"]
[Date "2023.03.16"]
[Round "2"]
[White "Aleksic, Neven"]
[Black "Spasov, Vasil"]
[Result "0-1"]
[WhiteElo "2164"]
[BlackElo "2499"]
[PlyCount "90"]
[EventDate "2023.03.15"]
[EventType "swiss"]
[EventRounds "9"]
[EventCountry "SRB"]
[SourceTitle "CBM 213 Extra"]
[Source "ChessBase"]
[SourceDate "2023.05.31"]
[SourceVersion "1"]
[SourceVersionDate "2023.05.31"]
[SourceQuality "1"]

1. d4 d6 2. c4 e5 3. Nc3 exd4 4. Qxd4 Nf6 5. Nf3 Nc6 6. Qd2 Be6 7. e3 Ne5 8. Nxe5 dxe5 9. Qxd8+ Rxd8 10. f3 c6 11. Bd2 h5 12. Be2 Bc5 13. Na4 Bd6 14. e4 Nd7 15. Be3 Ke7 16. 0-0 b6 17. Rfd1 Nc5 18. Nc3 Bd7 19. Bf1 Ne6 20. Ne2 Bc5 21. Kf2 Bxe3+ 22. Kxe3 c5 23. Nc3 Nd4 24. Nd5+ Kd6 25. Bd3 h4 26. b3 Be6 27. Nc3 Ke7 28. Nb5 Rd7 29. Rd2 Rhd8 30. Rad1 g6 31. Bf1 f5 32. exf5 Nxf5+ 33. Ke2 Nd4+ 34. Kf2 h3 35. g4 e4 36. Nxd4 cxd4 37. fxe4 Bxg4 38. Be2 Be6 39. Kg3 Kf6 40. Bf1 Ke5 41. Bxh3 Bxh3 42. Kxh3 d3 43. Re1 Kd4 44. Kg4 Kc3 45. Red1 Rd4 0-1

[Event "Arandjelovac op 1st"]
[Site "Arandjelovac"]
[Date "2023.03.15"]
[Round "1"]
[White "Spasov, Vasil"]
[Black "Petrovic, Aleksa"]
[Result "0-1"]
[WhiteElo "2499"]
[BlackElo "2254"]
[PlyCount "98"]
[EventDate "2023.03.15"]
[EventType "swiss"]
[EventRounds "9"]
[EventCountry "SRB"]
[SourceTitle "CBM 213 Extra"]
[Source "ChessBase"]
[SourceDate "2023.05.31"]
[SourceVersion "1"]
[SourceVersionDate "2023.05.31"]
[SourceQuality "1"]

1. e4 g6 2. d4 Bg7 3. Nf3 d6 4. Be2 a6 5. 0-0 Nd7 6. c4 e6 7. Nc3 Ne7 8. Re1 0-0 9. Bf1 b6 10. Be3 Bb7 11. Qd2 Re8 12. Bh6 Bh8 13. Rad1 Nc6 14. Bg5 Qc8 15. h3 e5 16. Be3 exd4 17. Nxd4 Bxd4 18. Bxd4 Nxd4 19. Qxd4 Qd8 20. Nd5 Bxd5 21. cxd5 Qf6 22. Qxf6 Nxf6 23. f3 g5 24. Re3 h5 25. Rc1 Re7 26. Ra3 a5 27. b4 g4 28. Kf2 gxf3 29. gxf3 h4 30. bxa5 bxa5 31. Rb3 Nh5 32. Rb7 Rc8 33. Ba6 Ng3 34. Bd3 Kg7 35. Ke3 f5 36. Kd4 Kf6 37. Rc6 Nh5 38. e5+ Rxe5 39. Rbxc7 Rxc7 40. Rxd6+ Kg5 41. Kxe5 Nf4 42. Bxf5 Re7+ 43. Be6 Nxh3 44. Rd8 Nf4 45. Rg8+ Ng6+ 46. Kd6 Rh7 47. Bh3 Kf6 48. Kc5 Nf4 49. Bg4 h3 0-1

[Event "BUL-ch"]
[Site "Sofia"]
[Date "2023.01.23"]
[Round "3"]
[White "Spasov, Vasil"]
[Black "Georgiev, Konstantin1111"]
[Result "1-0"]
[WhiteElo "2499"]
[BlackElo "2081"]
[PlyCount "73"]
[EventDate "2023.01.21"]
[EventType "swiss"]
[EventRounds "9"]
[EventCountry "BUL"]
[SourceTitle "CBM 212 Extra"]
[Source "ChessBase"]
[SourceDate "2023.03.31"]
[SourceVersion "1"]
[SourceVersionDate "2023.03.31"]
[SourceQuality "1"]

1. e4 c5 2. Nf3 e6 3. g3 Nc6 4. Bg2 Nge7 5. 0-0 g6 6. d4 cxd4 7. Nxd4 a6 8. b3 Bg7 9. Bb2 Qb6 10. c3 0-0 11. Nxc6 Nxc6 12. Nd2 Qc7 13. Nc4 b5 14. Ne3 Bb7 15. Qd2 Rfd8 16. Rfd1 Rac8 17. c4 Bxb2 18. Qxb2 Qe5 19. Qd2 h5 20. Rac1 d6 21. b4 Qf6 22. f4 Qe7 23. a3 Ba8 24. Qf2 Qa7 25. h3 Ne7 26. g4 hxg4 27. hxg4 bxc4 28. Nxc4 Qxf2+ 29. Kxf2 d5 30. Nb6 Rxc1 31. Rxc1 Bc6 32. exd5 exd5 33. a4 Rd6 34. a5 d4 35. Nc8 Bxg2 36. Nxd6 Bd5 37. Rc5 1-0

[Event "Plovdiv Trainers and Students 2nd"]
[Site "Plovdiv"]
[Date "2022.10.03"]
[Round "7"]
[White "Delchev, Aleksander"]
[Black "Spasov, Vasil"]
[Result "1/2-1/2"]
[WhiteElo "2503"]
[BlackElo "2504"]
[PlyCount "41"]
[EventDate "2022.09.29"]
[EventType "swiss"]
[EventRounds "9"]
[EventCountry "BUL"]
[SourceTitle "CBM 210 Extra"]
[Source "ChessBase"]
[SourceDate "2022.11.30"]
[SourceVersion "1"]
[SourceVersionDate "2022.11.30"]
[SourceQuality "1"]

1. e4 d6 2. d4 Nf6 3. Nc3 e5 4. Nf3 Nbd7 5. Bc4 Be7 6. a4 0-0 7. 0-0 c6 8. Re1 h6 9. h3 Re8 10. a5 exd4 11. Nxd4 Ne5 12. Ba2 Bf8 13. Bf4 Bd7 14. Bh2 b5 15. axb6 Qxb6 16. Re3 a5 17. Bb3 Qb4 18. Ra4 Qb6 19. Ra1 Qb4 20. Ra4 Qb6 21. Ra1 1/2-1/2

[Event "Plovdiv Trainers and Students 2nd"]
[Site "Plovdiv"]
[Date "2022.10.03"]
[Round "6"]
[White "Spasov, Vasil"]
[Black "Dimitrov, Radoslav"]
[Result "1/2-1/2"]
[WhiteElo "2504"]
[BlackElo "2499"]
[PlyCount "87"]
[EventDate "2022.09.29"]
[EventType "swiss"]
[EventRounds "9"]
[EventCountry "BUL"]
[SourceTitle "CBM 210 Extra"]
[Source "ChessBase"]
[SourceDate "2022.11.30"]
[SourceVersion "1"]
[SourceVersionDate "2022.11.30"]
[SourceQuality "1"]

1. e4 c5 2. Nf3 g6 3. d4 Bg7 4. Be2 Nc6 5. d5 Nd4 6. Nxd4 Bxd4 7. 0-0 d6 8. c3 Bg7 9. Bf4 Nf6 10. Nd2 0-0 11. a4 e6 12. dxe6 fxe6 13. Bg3 d5 14. Bf3 Qb6 15. Be5 Rd8 16. a5 Qb5 17. c4 dxc4 18. Qc2 Ne8 19. Nxc4 Bxe5 20. Nxe5 Bd7 21. Rfd1 Bc6 22. Nxc6 bxc6 23. e5 Rab8 24. h4 c4 25. h5 gxh5 26. Bxh5 Ng7 27. Be2 Qxe5 28. Bxc4 Rxd1+ 29. Rxd1 Qxa5 30. Qe4 Qc5 31. Bxe6+ Kh8 32. Bc4 Rf8 33. Rd2 Nf5 34. b3 a5 35. Qe6 Ng7 36. Qh6 Qf5 37. Qxc6 Qb1+ 38. Kh2 Qf5 39. g3 Qg5 40. Qd6 Re8 41. Bf7 Nf5 42. Qc6 Qxd2 43. Qxe8+ Kg7 44. Kg2 1/2-1/2

[Event "Plovdiv Trainers and Students 2nd"]
[Site "Plovdiv"]
[Date "2022.10.01"]
[Round "4"]
[White "Spasov, Vasil"]
[Black "Mitev, Valentin"]
[Result "1-0"]
[WhiteElo "2504"]
[BlackElo "2204"]
[PlyCount "141"]
[EventDate "2022.09.29"]
[EventType "swiss"]
[EventRounds "9"]
[EventCountry "BUL"]
[SourceTitle "CBM 210 Extra"]
[Source "ChessBase"]
[SourceDate "2022.11.30"]
[SourceVersion "1"]
[SourceVersionDate "2022.11.30"]
[SourceQuality "1"]

1. e4 e5 2. Nf3 Nc6 3. Bc4 Bc5 4. d3 Nf6 5. Bg5 d6 6. a4 h6 7. Bh4 a5 8. Nbd2 g5 9. Bg3 0-0 10. c3 Ba7 11. 0-0 Nh7 12. Kh1 Kg7 13. d4 h5 14. h3 h4 15. Bh2 g4 16. hxg4 Bxg4 17. Be2 exd4 18. Nxd4 Bxe2 19. Nf5+ Kh8 20. Qxe2 Rg8 21. Nf3 h3 22. gxh3 Qf6 23. Rg1 Ne7 24. N3d4 Ng6 25. Qh5 Bxd4 26. cxd4 Ne7 27. Nxe7 Qxe7 28. f3 Rg5 29. Rxg5 Qxg5 30. Qxg5 Nxg5 31. Rc1 Nxf3 32. Rxc7 Nxh2 33. Kxh2 Re8 34. Rxf7 Rxe4 35. Rxb7 Rxd4 36. b3 Rd3 37. Kg2 d5 38. h4 d4 39. h5 Re3 40. Kf2 Kg8 41. Rb5 Kg7 42. Rb6 Kh7 43. b4 axb4 44. Rxb4 Rh3 45. Rxd4 Rxh5 46. Rg4 Re5 47. Kf3 Kh6 48. Kf4 Ra5 49. Ke3 Kh5 50. Rc4 Kg6 51. Kd3 Kf6 52. Kc3 Ke6 53. Kb4 Ra8 54. Rd4 Ke5 55. Rd1 Rb8+ 56. Kc5 Rc8+ 57. Kb5 Rb8+ 58. Kc6 Rc8+ 59. Kb6 Rc2 60. a5 Rb2+ 61. Kc6 Rc2+ 62. Kd7 Ra2 63. Rh1 Kf6 64. Rh5 Rd2+ 65. Kc7 Ke7 66. a6 Rc2+ 67. Kb6 Kd7 68. a7 Rc6+ 69. Kb5 Rc8 70. Rh7+ Kd6 71. Kb6 1-0